Estatísticas para Cultura Geral

Clique aqui para jogar o quiz

Estatísticas Gerais

  • Esse quiz foi jogado 26 vezes
  • A pontuação média é 6 de 15

Estatísticas das Respostas

HintResposta% Correto
Qual ilha africana é o lar dos lémures?Madagáscar
87%
Que país está completamente cercado pela África do Sul?Lesoto
70%
Que órgão é responsável por filtrar toxinas como o álcool?Fígado
65%
Em que país podemos encontrar a cidade Mar del Plata?Argentina
57%
Em que ano foi lançada a primeira PlayStation?1994
52%
Que país asiático está localizado a menos de 32 quilómetros de Djibuti?Iémen
52%
Qual é a capital africana mais ao norte?Túnis
52%
Quais ilhas espanholas estão localizadas ao largo da costa de Marrocos?Canárias
30%
Em que país podemos encontrar a sede da empresa Decathlon?França
22%
O que significa a sigla PSP?PlayStation Portable
22%
Quem canta a música "Wannabe"?Spice Girls
22%
Que acordo é uma convenção entre países europeus sobre uma política de abertura das fronteiras e livre-circulação de pessoas entre os países signatários?Schengen
17%
Quantos são 100 graus Celsius em Fahrenheit?212
13%
Em que país está localizada Timbuktu?Mali
4%
Qual é a maior rede de supermercados do Reino Unido?Tesco
0%

Distribuição das Pontuações

Percentil de Números Respondidos

Porcentagem de Pessoas com Cada Pontuação

Sua Pontuação Histórica

Você não jogou esse quiz